| 000 | 00629nam a2200205 a 4500 | ||
|---|---|---|---|
| 001 | 000023263 | ||
| 005 | 20200930022109.0 | ||
| 008 | 101201s1969 ve r 000 e spa d | ||
| 040 |
_aDO-SdBNP _bspa _cBNPHU |
||
| 082 |
_aV864.4 _bU86v |
||
| 100 | 1 |
_aUslar Pietri, Arturo _d1906-2001 _912623 |
|
| 245 | 1 | 0 |
_aVeinticinco ensayos : _bantología / _cArturo Uslar Pietri. |
| 260 |
_aCaracas, Venezuela : _bMonte Ávila Editores, _c1969. |
||
| 300 |
_a248, [3] p. ; _c20 cm. |
||
| 490 | 1 | _aPrisma | |
| 650 | 4 |
_aEnsayos venezolanos _94376 |
|
| 650 | 4 |
_aLiteratura venezolana _ySIGLO XX _99777 |
|
| 830 | 0 |
_aPrisma _93770 |
|
| 049 | _aBNGR | ||
| 999 |
_c22760 _d22760 |
||